| 000 | 00912nam a2200253Ia 4500 | ||
|---|---|---|---|
| 003 | OSt | ||
| 005 | 20220930091055.0 | ||
| 006 | a|||||r|||| 00| 0 | ||
| 007 | ta | ||
| 008 | 220926b |||||||| |||| 00| 0 eng d | ||
| 024 | _a3451 | ||
| 037 | _cTheses | ||
| 040 |
_aCRL _cCRL _beng |
||
| 041 |
_2eng _aeng |
||
| 100 |
_aDhameja Kanupriya _9544670 |
||
| 110 |
_aUniversity of Delhi. Faculty of Medical Science. Department of Physiology _9523462 |
||
| 245 | 0 | _aPreliminary study of glutathions s - transferase (M1/T1) gene polymorphism and the therapeutic effect of yoga on the level of oxidative stress markers in hypertensive patients | |
| 260 | _c2011 | ||
| 650 | _aMEDICINE | ||
| 700 |
_a Savita Singh Gu. _9544671 |
||
| 700 |
_aUniversity of Delhi. Faculty of Medical Science. Department of Physiology _9523464 |
||
| 942 |
_cDIS _2CC |
||
| 999 |
_c881592 _d881592 |
||